Dataset Open Access
Irakli Titvinidze; Julian Stobbe; Alexey N. Rubtsov; Georg Rohringer
<?xml version='1.0' encoding='UTF-8'?>
<record xmlns="http://www.loc.gov/MARC21/slim">
<leader>00000nmm##2200000uu#4500</leader>
<datafield tag="542" ind1=" " ind2=" ">
<subfield code="l">open</subfield>
</datafield>
<datafield tag="700" ind1=" " ind2=" ">
<subfield code="a">Julian Stobbe</subfield>
<subfield code="u">I. Institute of Theoretical Physics, University of Hamburg</subfield>
</datafield>
<datafield tag="700" ind1=" " ind2=" ">
<subfield code="a">Alexey N. Rubtsov</subfield>
<subfield code="u">Russian Quantum Center, Skolkovo Innovation City, 121205 Moscow, Russia, Department of Physics, Lomonosov Moscow State University, Leninskie gory 1, 119991 Moscow, Russia</subfield>
</datafield>
<datafield tag="700" ind1=" " ind2=" ">
<subfield code="a">Georg Rohringer</subfield>
<subfield code="u">Theory and Simulation of Condensed Matter, Department of Physics, King's College London, I. Institute of Theoretical Physics, University of Hamburg</subfield>
</datafield>
<datafield tag="540" ind1=" " ind2=" ">
<subfield code="u">https://creativecommons.org/licenses/by/4.0/legalcode</subfield>
<subfield code="a">Creative Commons Attribution 4.0 International</subfield>
</datafield>
<datafield tag="980" ind1=" " ind2=" ">
<subfield code="a">dataset</subfield>
</datafield>
<datafield tag="520" ind1=" " ind2=" ">
<subfield code="a"><p></p></subfield>
</datafield>
<controlfield tag="005">20250722105915.0</controlfield>
<datafield tag="024" ind1=" " ind2=" ">
<subfield code="a">10.1016/j.aop.2024.169904</subfield>
<subfield code="2">doi</subfield>
</datafield>
<datafield tag="260" ind1=" " ind2=" ">
<subfield code="c">2025-03-02</subfield>
</datafield>
<controlfield tag="001">17715</controlfield>
<datafield tag="650" ind1="1" ind2="7">
<subfield code="a">cc-by</subfield>
<subfield code="2">opendefinition.org</subfield>
</datafield>
<datafield tag="909" ind1="C" ind2="O">
<subfield code="o">oai:fdr.uni-hamburg.de:17715</subfield>
<subfield code="p">user-uhh</subfield>
</datafield>
<datafield tag="245" ind1=" " ind2=" ">
<subfield code="a">Mean Field Decoupling of Single Impurity Anderson Model through Auxiliary Majorana Fermions</subfield>
</datafield>
<datafield tag="856" ind1="4" ind2=" ">
<subfield code="s">2480</subfield>
<subfield code="u">https://www.fdr.uni-hamburg.de/record/17715/files/A_V0.5_Uin0.1_100.dat</subfield>
<subfield code="z">md5:1b4b019baf9169e925e5e8b517eb3094</subfield>
</datafield>
<datafield tag="856" ind1="4" ind2=" ">
<subfield code="s">2468</subfield>
<subfield code="u">https://www.fdr.uni-hamburg.de/record/17715/files/B_V0.5_Uin0.1_100.dat</subfield>
<subfield code="z">md5:a3fc958805059ea30bd461ee9b462f67</subfield>
</datafield>
<datafield tag="856" ind1="4" ind2=" ">
<subfield code="s">715</subfield>
<subfield code="u">https://www.fdr.uni-hamburg.de/record/17715/files/Cij_0p3.jld2</subfield>
<subfield code="z">md5:7dd69d863a93a6609cc72b56cb884a70</subfield>
</datafield>
<datafield tag="856" ind1="4" ind2=" ">
<subfield code="s">40016910</subfield>
<subfield code="u">https://www.fdr.uni-hamburg.de/record/17715/files/Cij_color(0.3).jld2</subfield>
<subfield code="z">md5:9c1fc070245cc3dc1c488b4e9c6ad199</subfield>
</datafield>
<datafield tag="856" ind1="4" ind2=" ">
<subfield code="s">40016910</subfield>
<subfield code="u">https://www.fdr.uni-hamburg.de/record/17715/files/Cij_color(0.7).jld2</subfield>
<subfield code="z">md5:7a23a32a741ac432adf8d54b38946088</subfield>
</datafield>
<datafield tag="856" ind1="4" ind2=" ">
<subfield code="s">40016910</subfield>
<subfield code="u">https://www.fdr.uni-hamburg.de/record/17715/files/Cij_color(2.5).jld2</subfield>
<subfield code="z">md5:1fd8187fd0353beabf51b1443a77e39c</subfield>
</datafield>
<datafield tag="856" ind1="4" ind2=" ">
<subfield code="s">40016910</subfield>
<subfield code="u">https://www.fdr.uni-hamburg.de/record/17715/files/Cij_color(3.8).jld2</subfield>
<subfield code="z">md5:2b9e719b90024c20f690aa44e22a3657</subfield>
</datafield>
<datafield tag="856" ind1="4" ind2=" ">
<subfield code="s">40016910</subfield>
<subfield code="u">https://www.fdr.uni-hamburg.de/record/17715/files/Cij_color(4.0).jld2</subfield>
<subfield code="z">md5:eb6c01cb68da903c2721d28f49df91ae</subfield>
</datafield>
<datafield tag="856" ind1="4" ind2=" ">
<subfield code="s">715</subfield>
<subfield code="u">https://www.fdr.uni-hamburg.de/record/17715/files/Cij_color.jld2</subfield>
<subfield code="z">md5:7dd69d863a93a6609cc72b56cb884a70</subfield>
</datafield>
<datafield tag="856" ind1="4" ind2=" ">
<subfield code="s">229184</subfield>
<subfield code="u">https://www.fdr.uni-hamburg.de/record/17715/files/Cij_V(0.5)U(1.0)-V(0.5)U(0.3).jld2</subfield>
<subfield code="z">md5:d01a5a4e29667d4614e9854db48c5c20</subfield>
</datafield>
<datafield tag="856" ind1="4" ind2=" ">
<subfield code="s">232208</subfield>
<subfield code="u">https://www.fdr.uni-hamburg.de/record/17715/files/Cij_V(0.5)U(1.0)-V(0.5)U(0.7).jld2</subfield>
<subfield code="z">md5:98948b52dfcb2bc35696265f6ecb5842</subfield>
</datafield>
<datafield tag="856" ind1="4" ind2=" ">
<subfield code="s">293864</subfield>
<subfield code="u">https://www.fdr.uni-hamburg.de/record/17715/files/Cij_V(0.5)U(1.0)-V(0.5)U(2.5).jld2</subfield>
<subfield code="z">md5:21325f9d1256ea215acab09dab212c01</subfield>
</datafield>
<datafield tag="856" ind1="4" ind2=" ">
<subfield code="s">403904</subfield>
<subfield code="u">https://www.fdr.uni-hamburg.de/record/17715/files/Cij_V(0.5)U(1.0)-V(0.5)U(3.8).jld2</subfield>
<subfield code="z">md5:2741abd6d303d9b945cd14e302e4f27c</subfield>
</datafield>
<datafield tag="856" ind1="4" ind2=" ">
<subfield code="s">411800</subfield>
<subfield code="u">https://www.fdr.uni-hamburg.de/record/17715/files/Cij_V(0.5)U(1.0)-V(0.5)U(4.0).jld2</subfield>
<subfield code="z">md5:038e762c6dcaa2e3ba6c0d318e202377</subfield>
</datafield>
<datafield tag="856" ind1="4" ind2=" ">
<subfield code="s">96192096</subfield>
<subfield code="u">https://www.fdr.uni-hamburg.de/record/17715/files/CK_0.dat</subfield>
<subfield code="z">md5:cc99d3221e9ebc2ed5fb4ab015a8c3cb</subfield>
</datafield>
<datafield tag="856" ind1="4" ind2=" ">
<subfield code="s">96192096</subfield>
<subfield code="u">https://www.fdr.uni-hamburg.de/record/17715/files/CK.dat</subfield>
<subfield code="z">md5:cc99d3221e9ebc2ed5fb4ab015a8c3cb</subfield>
</datafield>
<datafield tag="856" ind1="4" ind2=" ">
<subfield code="s">13026013</subfield>
<subfield code="u">https://www.fdr.uni-hamburg.de/record/17715/files/CK_RLM.dat</subfield>
<subfield code="z">md5:c9043f39981848b14ff68346cb67c19c</subfield>
</datafield>
<datafield tag="856" ind1="4" ind2=" ">
<subfield code="s">96192096</subfield>
<subfield code="u">https://www.fdr.uni-hamburg.de/record/17715/files/CK_U0.1V0.5.dat</subfield>
<subfield code="z">md5:01646183c57f940d0d494bd0fda7da14</subfield>
</datafield>
<datafield tag="856" ind1="4" ind2=" ">
<subfield code="s">2563</subfield>
<subfield code="u">https://www.fdr.uni-hamburg.de/record/17715/files/C_V0.5_Uin0.1_100.dat</subfield>
<subfield code="z">md5:62fd31191618097483f2c89f60cb4c65</subfield>
</datafield>
<datafield tag="856" ind1="4" ind2=" ">
<subfield code="s">5867225088</subfield>
<subfield code="u">https://www.fdr.uni-hamburg.de/record/17715/files/data_raw_11.jld2</subfield>
<subfield code="z">md5:fb9cc9fc46ac6b91f374050f5eb6793c</subfield>
</datafield>
<datafield tag="856" ind1="4" ind2=" ">
<subfield code="s">193003207</subfield>
<subfield code="u">https://www.fdr.uni-hamburg.de/record/17715/files/Filling_V0.5_Uin0.1_0.jld2</subfield>
<subfield code="z">md5:b4dd1123c188cc9d7080039483680d85</subfield>
</datafield>
<datafield tag="856" ind1="4" ind2=" ">
<subfield code="s">1106650771</subfield>
<subfield code="u">https://www.fdr.uni-hamburg.de/record/17715/files/Filling_V0.5_Uin0.1_1.jld2</subfield>
<subfield code="z">md5:62f9e29223970c3817cb954b9b9bbf9d</subfield>
</datafield>
<datafield tag="856" ind1="4" ind2=" ">
<subfield code="s">227119522</subfield>
<subfield code="u">https://www.fdr.uni-hamburg.de/record/17715/files/Filling_V0.5_Uin0.1_2.jld2</subfield>
<subfield code="z">md5:80afd945960c98d15b1d87672e4fb69b</subfield>
</datafield>
<datafield tag="856" ind1="4" ind2=" ">
<subfield code="s">289294473</subfield>
<subfield code="u">https://www.fdr.uni-hamburg.de/record/17715/files/Filling_V0.5_Uin0.1_3.jld2</subfield>
<subfield code="z">md5:6dc4cf7629d72075c89160b99056414c</subfield>
</datafield>
<datafield tag="856" ind1="4" ind2=" ">
<subfield code="s">32038515</subfield>
<subfield code="u">https://www.fdr.uni-hamburg.de/record/17715/files/Q_Uin0.1Vin0.5Ufi0.5Vfi0.5.jld2</subfield>
<subfield code="z">md5:40277ec946dc3159258f9751735973a6</subfield>
</datafield>
<datafield tag="856" ind1="4" ind2=" ">
<subfield code="s">46840388</subfield>
<subfield code="u">https://www.fdr.uni-hamburg.de/record/17715/files/Q_Uin0.1Vin0.5_Ufi4.0Vfi0.5_tol1.0e-8.jld2</subfield>
<subfield code="z">md5:4497ca2dee8402805ab7628f5ad099c2</subfield>
</datafield>
<datafield tag="856" ind1="4" ind2=" ">
<subfield code="s">80861801</subfield>
<subfield code="u">https://www.fdr.uni-hamburg.de/record/17715/files/res_0_3.jld2</subfield>
<subfield code="z">md5:16f68a401f36047458ea48e82e9c62b4</subfield>
</datafield>
<datafield tag="856" ind1="4" ind2=" ">
<subfield code="s">80861801</subfield>
<subfield code="u">https://www.fdr.uni-hamburg.de/record/17715/files/res_0_7.jld2</subfield>
<subfield code="z">md5:cb3f11680c3b7d3c7ff892726681d763</subfield>
</datafield>
<datafield tag="856" ind1="4" ind2=" ">
<subfield code="s">80861801</subfield>
<subfield code="u">https://www.fdr.uni-hamburg.de/record/17715/files/res_2_5.jld2</subfield>
<subfield code="z">md5:c563529c0ca640050d4754158a6e9a4b</subfield>
</datafield>
<datafield tag="856" ind1="4" ind2=" ">
<subfield code="s">80861801</subfield>
<subfield code="u">https://www.fdr.uni-hamburg.de/record/17715/files/res_3_8.jld2</subfield>
<subfield code="z">md5:9eb99c5e586d5dcf42ef1324508b3535</subfield>
</datafield>
<datafield tag="856" ind1="4" ind2=" ">
<subfield code="s">80861801</subfield>
<subfield code="u">https://www.fdr.uni-hamburg.de/record/17715/files/res_4_0.jld2</subfield>
<subfield code="z">md5:8e799597c5d8ae3142050bb0a735884f</subfield>
</datafield>
<datafield tag="856" ind1="4" ind2=" ">
<subfield code="s">1010468512</subfield>
<subfield code="u">https://www.fdr.uni-hamburg.de/record/17715/files/Results_out_RLM_Exact.jld2</subfield>
<subfield code="z">md5:5d83070c09804c5bf4321fe42bbbf309</subfield>
</datafield>
<datafield tag="856" ind1="4" ind2=" ">
<subfield code="s">3147555</subfield>
<subfield code="u">https://www.fdr.uni-hamburg.de/record/17715/files/Results_out_RLM_MF2.jld2</subfield>
<subfield code="z">md5:872754394176660efa61573c5adaf170</subfield>
</datafield>
<datafield tag="856" ind1="4" ind2=" ">
<subfield code="s">894412435</subfield>
<subfield code="u">https://www.fdr.uni-hamburg.de/record/17715/files/Results_out_RLM_MF.jld2</subfield>
<subfield code="z">md5:372f235a6951a8f8319d657237a80f7f</subfield>
</datafield>
<datafield tag="856" ind1="4" ind2=" ">
<subfield code="s">177115263</subfield>
<subfield code="u">https://www.fdr.uni-hamburg.de/record/17715/files/Results_out_Ufi1.0Vfi0.5.jld2</subfield>
<subfield code="z">md5:81f68966463ecf8769320579878a7f72</subfield>
</datafield>
<datafield tag="856" ind1="4" ind2=" ">
<subfield code="s">336161308</subfield>
<subfield code="u">https://www.fdr.uni-hamburg.de/record/17715/files/Results_out_Ufi1.0Vfi1.0.jld2</subfield>
<subfield code="z">md5:2e71515aa496fedd2b0190a8b555c800</subfield>
</datafield>
<datafield tag="856" ind1="4" ind2=" ">
<subfield code="s">176727231</subfield>
<subfield code="u">https://www.fdr.uni-hamburg.de/record/17715/files/Results_out_Ufi2.0Vfi0.5.jld2</subfield>
<subfield code="z">md5:dbc74cde987560549ea0b6bae2aa6881</subfield>
</datafield>
<datafield tag="856" ind1="4" ind2=" ">
<subfield code="s">484733351</subfield>
<subfield code="u">https://www.fdr.uni-hamburg.de/record/17715/files/Results_out_Ufi2.0Vfi1.0.jld2</subfield>
<subfield code="z">md5:57bb42a79bf04661a9e1f95be5fe65b5</subfield>
</datafield>
<datafield tag="856" ind1="4" ind2=" ">
<subfield code="s">302550897</subfield>
<subfield code="u">https://www.fdr.uni-hamburg.de/record/17715/files/Results_out_V0.25Uin0.1.jld2</subfield>
<subfield code="z">md5:b8d39fc2f280b51374d109a86846386f</subfield>
</datafield>
<datafield tag="856" ind1="4" ind2=" ">
<subfield code="s">2201931742</subfield>
<subfield code="u">https://www.fdr.uni-hamburg.de/record/17715/files/Results_out_V0.5Uin0.1.jld2</subfield>
<subfield code="z">md5:4d88d0b3ca2eb2d636c42568d9262608</subfield>
</datafield>
<datafield tag="856" ind1="4" ind2=" ">
<subfield code="s">1998586091</subfield>
<subfield code="u">https://www.fdr.uni-hamburg.de/record/17715/files/Results_out_V0.5Uin0.5.jld2</subfield>
<subfield code="z">md5:2d9fa008b9adc558b5daf308a0e37680</subfield>
</datafield>
<datafield tag="856" ind1="4" ind2=" ">
<subfield code="s">1786801459</subfield>
<subfield code="u">https://www.fdr.uni-hamburg.de/record/17715/files/Results_out_V0.5Uin1.0.jld2</subfield>
<subfield code="z">md5:eead849faca36045941396ccfb4539c4</subfield>
</datafield>
<datafield tag="856" ind1="4" ind2=" ">
<subfield code="s">1635711499</subfield>
<subfield code="u">https://www.fdr.uni-hamburg.de/record/17715/files/Results_out_V0.5Uin2.0.jld2</subfield>
<subfield code="z">md5:f46be4cf62290f9f6bd2e2cfb2a8de65</subfield>
</datafield>
<datafield tag="856" ind1="4" ind2=" ">
<subfield code="s">1576245595</subfield>
<subfield code="u">https://www.fdr.uni-hamburg.de/record/17715/files/Results_out_V0.5Uin4.0.jld2</subfield>
<subfield code="z">md5:db2bda1e41081876b2ae316f93e18cf4</subfield>
</datafield>
<datafield tag="856" ind1="4" ind2=" ">
<subfield code="s">2490206467</subfield>
<subfield code="u">https://www.fdr.uni-hamburg.de/record/17715/files/Results_out_V1.0Uin0.1.jld2</subfield>
<subfield code="z">md5:95a3e4c338210b365fe1ce04855fb999</subfield>
</datafield>
<datafield tag="856" ind1="4" ind2=" ">
<subfield code="s">1901793879</subfield>
<subfield code="u">https://www.fdr.uni-hamburg.de/record/17715/files/Results_out_V1.0Uin0.1_large_U4-7_Long.jld2</subfield>
<subfield code="z">md5:846794a27a0015c170c537f58f2c2f3f</subfield>
</datafield>
<datafield tag="856" ind1="4" ind2=" ">
<subfield code="s">1624265868</subfield>
<subfield code="u">https://www.fdr.uni-hamburg.de/record/17715/files/Results_out_V1.0Uin0.1_large_U8_Long.jld2</subfield>
<subfield code="z">md5:654523cfb0612caa6215d9054dc6314f</subfield>
</datafield>
<datafield tag="856" ind1="4" ind2=" ">
<subfield code="s">1814805748</subfield>
<subfield code="u">https://www.fdr.uni-hamburg.de/record/17715/files/Results_out_V1.0Uin0.1_large_U9_Long.jld2</subfield>
<subfield code="z">md5:793306dd5ede1588b4f2b669507ce4e4</subfield>
</datafield>
<datafield tag="856" ind1="4" ind2=" ">
<subfield code="s">4101770618</subfield>
<subfield code="u">https://www.fdr.uni-hamburg.de/record/17715/files/Results_out_V1.0Uin0.1_large_U.jld2</subfield>
<subfield code="z">md5:957a290b1e2ca71a814a4f009f4b011d</subfield>
</datafield>
<datafield tag="856" ind1="4" ind2=" ">
<subfield code="s">2343481867</subfield>
<subfield code="u">https://www.fdr.uni-hamburg.de/record/17715/files/Results_out_V1.0Uin0.5.jld2</subfield>
<subfield code="z">md5:4c733226ba95a90e395208bf09ba041e</subfield>
</datafield>
<datafield tag="856" ind1="4" ind2=" ">
<subfield code="s">2150969491</subfield>
<subfield code="u">https://www.fdr.uni-hamburg.de/record/17715/files/Results_out_V1.0Uin1.0.jld2</subfield>
<subfield code="z">md5:fc084d2166441bdf713acf9843a80fa7</subfield>
</datafield>
<datafield tag="856" ind1="4" ind2=" ">
<subfield code="s">1985619355</subfield>
<subfield code="u">https://www.fdr.uni-hamburg.de/record/17715/files/Results_out_V1.0Uin2.0.jld2</subfield>
<subfield code="z">md5:c9872c3cab8b0657c23a3e950ea4cda1</subfield>
</datafield>
<datafield tag="100" ind1=" " ind2=" ">
<subfield code="a">Irakli Titvinidze</subfield>
<subfield code="u">I. Institute of Theoretical Physics, University of Hamburg</subfield>
</datafield>
<datafield tag="980" ind1=" " ind2=" ">
<subfield code="a">user-uhh</subfield>
</datafield>
</record>